[Event "Belgrade Serbia op"]
[Site "Belgrade"]
[Date "2023.07.18"]
[Round "3"]
[White "Maksimovic, Miroslav"]
[Black "Vasilkov, Nikolay"]
[Result "1/2-1/2"]
[WhiteElo "2109"]
[BlackElo "1834"]
[PlyCount "109"]
[EventDate "2023.07.16"]
[EventType "swiss"]
[EventRounds "9"]
[EventCountry "SRB"]
[SourceTitle "CBM 215 Extra"]
[Source "ChessBase"]
[SourceDate "2023.09.30"]
[SourceVersion "1"]
[SourceVersionDate "2023.09.30"]
[SourceQuality "1"]

1. c4 e6 2. g3 Nf6 3. Bg2 d5 4. Nf3 Be7 5. 0-0 0-0 6. Qc2 Nbd7 7. b3 c6 8. Bb2 b6 9. d3 Bb7 10. e4 c5 11. e5 Ne8 12. Qe2 d4 13. Nbd2 Nc7 14. Rfe1 Rb8 15. Ne4 f5 16. exf6 gxf6 17. Bc1 e5 18. Nh4 Kh8 19. Nf5 Ne8 20. Qh5 Ba8 21. Bh3 b5 22. Bh6 Rg8 23. Qf7 Bf8 24. Bd2 Rb7 25. Nh6 Bxh6 26. Bxh6 Nf8 27. Qh5 Qe7 28. Nxc5 Qxc5 29. Qxe8 Ng6 30. Qe6 Rb6 31. Qf7 Nh4 32. Re4 Bxe4 33. dxe4 Qc6 34. Qd5 bxc4 35. bxc4 Qxd5 36. exd5 f5 37. Bc1 Nf3+ 38. Kg2 Ne1+ 39. Kf1 Nc2 40. c5 Rb5 41. a4 Rxc5 42. Rb1 Nb4 43. Ba3 a5 44. Bxb4 axb4 45. Bxf5 Rb8 46. d6 Rd5 47. d7 e4 48. g4 d3 49. Ke1 Kg7 50. Kd2 h5 51. Rc1 b3 52. Rb1 hxg4 53. Bxg4 Kf6 54. a5 Ke7 55. f3 1/2-1/2

[Event "Belgrade-chT"]
[Site "Belgrade"]
[Date "2019.09.25"]
[Round "3.1"]
[White "Maksimovic, Miroslav"]
[Black "Vrcan, Srdjan"]
[Result "1/2-1/2"]
[WhiteElo "2214"]
[BlackElo "1852"]
[PlyCount "118"]
[EventDate "2019.09.23"]
[EventType "team-tourn"]
[EventRounds "11"]
[EventCountry "SRB"]
[SourceTitle "EXT 2020"]
[Source "ChessBase"]
[SourceDate "2019.10.17"]
[SourceVersion "1"]
[SourceVersionDate "2019.10.17"]
[SourceQuality "1"]
[WhiteTeam "Belgrade Vodovod"]
[BlackTeam "MZ Cirilo i Metodije"]
[WhiteTeamCountry "SRB"]
[BlackTeamCountry "SRB"]

1. d4 Nf6 2. c4 g6 3. Nc3 d6 4. e4 Nbd7 5. Nf3 Bg7 6. Be2 0-0 7. 0-0 c5 8. d5 a6 9. a4 h6 10. Qc2 Kh7 11. h3 a5 12. Bf4 Nb8 13. e5 Ne8 14. Bd3 Na6 15. Qd2 Nb4 16. Bb1 dxe5 17. Bxe5 f6 18. Nh4 fxe5 19. Nxg6 Kg8 20. Nxf8 Bxf8 21. f4 e4 22. Nxe4 e6 23. d6 b6 24. Ra3 Ra7 25. Rg3+ Rg7 26. Qe2 Rxg3 27. Nxg3 Qxd6 28. Qg4+ Bg7 29. Qg6 Nf6 30. Ne4 Nxe4 31. Bxe4 Bd7 32. Kh1 Nc6 33. Qh7+ Kf8 34. f5 e5 35. f6 Bxf6 36. Bd5 Be8 37. Qxh6+ Ke7 38. Qh7+ Kd8 39. Qf5 Be7 40. Re1 Bd7 41. Qh5 Bf6 42. Qf7 Ne7 43. Bf3 Bxa4 44. Qf8+ Kc7 45. Bg4 Kb7 46. Rf1 Bg5 47. Rf7 Bc6 48. Qg7 Bh4 49. Qh7 Bg5 50. h4 Qd2 51. Rxe7+ Bxe7 52. Qxe7+ Ka8 53. Qf8+ Ka7 54. Qe7+ Bb7 55. Bh3 Qc1+ 56. Kh2 Qf4+ 57. Kg1 Qd4+ 58. Kh2 Qf4+ 59. Kg1 Qd4+ 1/2-1/2

[Event "Belgrade-chT Quality"]
[Site "Belgrade"]
[Date "2018.09.25"]
[Round "8.4"]
[White "Maksimovic, Miroslav"]
[Black "Todorovic, Violeta"]
[Result "1-0"]
[WhiteElo "2216"]
[BlackElo "2039"]
[PlyCount "121"]
[EventDate "2018.09.17"]
[EventType "team-tourn"]
[EventRounds "11"]
[EventCountry "SRB"]
[SourceTitle "CBM 186 Extra"]
[Source "ChessBase"]
[SourceDate "2018.08.24"]
[SourceVersion "1"]
[SourceVersionDate "2018.08.24"]
[SourceQuality "1"]
[WhiteTeam "Belgrade Vodovod"]
[BlackTeam "Bogoslov"]
[WhiteTeamCountry "SRB"]
[BlackTeamCountry "SRB"]

1. e4 c5 2. Nc3 e6 3. f4 Nc6 4. Nf3 g6 5. d4 cxd4 6. Nxd4 Nge7 7. Ndb5 d5 8. exd5 exd5 9. Nxd5 Nxd5 10. Qxd5 Qe7+ 11. Kf2 Be6 12. Qe4 0-0-0 13. Be3 Kb8 14. Nd4 Bd5 15. Nxc6+ Bxc6 16. Qxe7 Bxe7 17. Rg1 g5 18. Be2 Bd6 19. Bf3 gxf4 20. Bd4 Bb5 21. c3 Rhe8 22. Rge1 Re6 23. Rad1 Rde8 24. Rxe6 Rxe6 25. Re1 Bc4 26. b3 Bd3 27. Bg4 Rxe1 28. Kxe1 Bb1 29. Kd2 a6 30. Bf3 Kc7 31. Kc1 Bf5 32. Kb2 Bd3 33. c4 Bf5 34. Kc3 b6 35. Bd5 Be6 36. Be4 h6 37. h3 a5 38. Kd3 f5 39. Bf3 Bf7 40. Bg7 h5 41. Bd4 Be8 42. Bd5 Bg6 43. Ke2 f3+ 44. Kxf3 h4 45. Ke3 Bg3 46. Ke2 Bh5+ 47. Bf3 Bf7 48. Bf2 Bxf2 49. Kxf2 Kd6 50. g3 hxg3+ 51. Kxg3 Kc5 52. h4 Kb4 53. h5 Ka3 54. h6 Bg6 55. Kf4 Kxa2 56. Bd5 Ka3 57. Bg8 a4 58. bxa4 Kxa4 59. Kg5 f4 60. Kxg6 f3 61. Bd5 1-0

[Event "Belgrade-chT"]
[Site "Belgrade"]
[Date "2015.09.30"]
[Round "9.1"]
[White "Sarenac, David"]
[Black "Maksimovic, Miroslav"]
[Result "0-1"]
[WhiteElo "2306"]
[BlackElo "2209"]
[PlyCount "80"]
[EventDate "2015.09.21"]
[EventType "team-tourn"]
[EventRounds "9"]
[EventCountry "SRB"]
[SourceTitle "CBM 168 Extra"]
[Source "ChessBase"]
[SourceDate "2015.10.29"]
[SourceVersion "1"]
[SourceVersionDate "2015.10.29"]
[SourceQuality "1"]
[WhiteTeam "Belgrade Sigurnost"]
[BlackTeam "Belgrade Vodovod"]
[WhiteTeamCountry "SRB"]
[BlackTeamCountry "SRB"]

1. e4 c5 2. Nc3 Nc6 3. Bb5 g6 4. Bxc6 dxc6 5. d3 Bg7 6. f4 Nf6 7. Nf3 0-0 8. 0-0 Bg4 9. Be3 b6 10. h3 Bxf3 11. Qxf3 Qd7 12. Rae1 Ne8 13. g4 Nc7 14. f5 Bd4 15. Nd1 Rad8 16. Kh1 Bxe3 17. Nxe3 Qd4 18. b3 Nb5 19. g5 f6 20. gxf6 Qxf6 21. Qg3 Qg7 22. Rg1 Nd4 23. c3 Nb5 24. fxg6 Kh8 25. Qh4 e6 26. Rg5 Rxd3 27. Reg1 h6 28. Ng4 Rff3 29. Nf2 Rxf2 30. Qxf2 hxg5 31. Rxg5 Rxh3+ 32. Kg1 Rh6 33. Qg3 Nc7 34. Kg2 Kg8 35. Kf2 Ne8 36. e5 Qd7 37. Qf4 Ng7 38. Rg1 Rh5 39. Rd1 Qe7 40. Qg4 Rf5+ 0-1

[Event "Belgrade-chT"]
[Site "Belgrade"]
[Date "2015.09.26"]
[Round "5.1"]
[White "Maksimovic, Miroslav"]
[Black "Orlov, Pavle"]
[Result "1/2-1/2"]
[WhiteElo "2209"]
[BlackElo "2239"]
[PlyCount "87"]
[EventDate "2015.09.21"]
[EventType "team-tourn"]
[EventRounds "9"]
[EventCountry "SRB"]
[SourceTitle "CBM 168 Extra"]
[Source "ChessBase"]
[SourceDate "2015.10.29"]
[SourceVersion "1"]
[SourceVersionDate "2015.10.29"]
[SourceQuality "1"]
[WhiteTeam "Belgrade Vodovod"]
[BlackTeam "Belgrade Radnicki"]
[WhiteTeamCountry "SRB"]
[BlackTeamCountry "SRB"]

1. e4 d6 2. d4 g6 3. Nc3 Bg7 4. Nf3 Nf6 5. h3 0-0 6. Be3 c6 7. a4 Qc7 8. Qd2 e5 9. dxe5 dxe5 10. Rd1 Re8 11. Bc4 Be6 12. Bxe6 Rxe6 13. 0-0 Nbd7 14. Qe2 b6 15. Qc4 Qb7 16. Ng5 Re7 17. Rd6 h6 18. Nf3 Rc8 19. Rfd1 Nf8 20. a5 Ne8 21. R6d2 b5 22. Qb4 Ne6 23. Bc5 Nxc5 24. Qxc5 Qc7 25. b4 Bf8 26. Qe3 Kh7 27. Ne2 Ng7 28. Nc1 Ne6 29. Nd3 Bg7 30. Nc5 Nxc5 31. Qxc5 Bf8 32. c3 Qb8 33. Qd6 Qxd6 34. Rxd6 c5 35. R6d5 cxb4 36. cxb4 Rc4 37. Nxe5 Rxe4 38. Nd7 Re1+ 39. Kh2 Rxd1 40. Nxf8+ Kg7 41. Rxd1 Kxf8 42. Rd8+ Re8 43. Rd5 a6 44. Rd6 1/2-1/2

[Event "Belgrade-chT"]
[Site "Belgrade"]
[Date "2014.09.22"]
[Round "3.6"]
[White "Dimitrijevic, Vuk"]
[Black "Maksimovic, Miroslav"]
[Result "0-1"]
[WhiteElo "1910"]
[BlackElo "2206"]
[PlyCount "42"]
[EventDate "2014.09.20"]
[EventType "team-tourn"]
[EventRounds "11"]
[EventCountry "SRB"]
[SourceTitle "CBM 162 Extra"]
[Source "ChessBase"]
[SourceDate "2014.10.17"]
[SourceVersion "1"]
[SourceVersionDate "2014.10.17"]
[SourceQuality "1"]
[WhiteTeam "Belgrade Sigurnost"]
[BlackTeam "Belgrade Vodovod"]
[WhiteTeamCountry "SRB"]
[BlackTeamCountry "SRB"]

1. d4 Nf6 2. c4 g6 3. Nc3 Bg7 4. Nf3 0-0 5. e4 d6 6. Bg5 h6 7. Bxf6 Bxf6 8. Qd2 Bg7 9. Be2 c5 10. d5 Na6 11. h3 Bd7 12. 0-0-0 Qa5 13. Kb1 Nb4 14. g4 Rab8 15. Rhg1 b5 16. a3 bxc4 17. axb4 cxb4 18. Na2 c3 19. Qe1 c2+ 20. Kxc2 Qxa2 21. Rb1 Rfc8+ 0-1

[Event "Belgrade-chT"]
[Site "Belgrade"]
[Date "2013.10.15"]
[Round "4.1"]
[White "Govedarica, Radovan"]
[Black "Maksimovic, Miroslav"]
[Result "1-0"]
[WhiteElo "2419"]
[BlackElo "2220"]
[PlyCount "81"]
[EventDate "2013.10.12"]
[EventType "team-tourn"]
[EventRounds "11"]
[EventCountry "SRB"]
[SourceTitle "EXT 2014"]
[Source "ChessBase"]
[SourceDate "2013.11.20"]
[SourceVersion "1"]
[SourceVersionDate "2013.11.20"]
[SourceQuality "1"]
[WhiteTeam "Crvena Zvezda"]
[BlackTeam "Belgrade Vodovod"]
[WhiteTeamCountry "SRB"]
[BlackTeamCountry "SRB"]

1. e4 e5 2. Nf3 Nc6 3. Bb5 a6 4. Bxc6 dxc6 5. 0-0 Bg4 6. h3 Bh5 7. g4 Bg6 8. Nxe5 Qh4 9. Qf3 f6 10. Nxg6 hxg6 11. Kg2 g5 12. Rh1 0-0-0 13. d3 Ne7 14. Nd2 Kb8 15. Nc4 Ng6 16. Be3 Qh7 17. Kf1 Qg8 18. a4 Rh6 19. Ke2 Bd6 20. Nxd6 cxd6 21. b4 d5 22. b5 Ne5 23. Qg2 a5 24. bxc6 Nxc6 25. exd5 Rxd5 26. Rab1 Qe6 27. Kd2 Rh8 28. Qg3+ Ne5 29. Rb3 Qd6 30. Rhb1 Nc4+ 31. Ke2 Qxg3 32. Rxb7+ Kc8 33. fxg3 Nxe3 34. Rb8+ Kc7 35. Rxh8 Nxc2 36. Rbb8 Nb4 37. Rhc8+ Kd7 38. Rd8+ Kc7 39. Rbc8+ Kb7 40. Rxd5 Nxd5 41. Rc5 1-0

[Event "Belgrade-chT"]
[Site "Belgrade"]
[Date "2013.10.13"]
[Round "2.2"]
[White "Jocev, Milan"]
[Black "Maksimovic, Miroslav"]
[Result "1/2-1/2"]
[WhiteElo "2177"]
[BlackElo "2220"]
[PlyCount "56"]
[EventDate "2013.10.12"]
[EventType "team-tourn"]
[EventRounds "11"]
[EventCountry "SRB"]
[SourceTitle "EXT 2014"]
[Source "ChessBase"]
[SourceDate "2013.11.20"]
[SourceVersion "1"]
[SourceVersionDate "2013.11.20"]
[SourceQuality "1"]
[WhiteTeam "Itaka"]
[BlackTeam "Belgrade Vodovod"]
[WhiteTeamCountry "SRB"]
[BlackTeamCountry "SRB"]

1. Nf3 d5 2. d4 Nf6 3. c4 e6 4. Nc3 Be7 5. Bg5 h6 6. Bh4 0-0 7. e3 b6 8. cxd5 Nxd5 9. Bxe7 Qxe7 10. Nxd5 exd5 11. Rc1 Be6 12. Bd3 c5 13. 0-0 Nd7 14. b3 Rac8 15. Re1 Rfd8 16. dxc5 bxc5 17. e4 dxe4 18. Bxe4 Nf6 19. Qc2 Nxe4 20. Qxe4 Qf6 21. Qe3 Qb2 22. Rxc5 Rxc5 23. Qxc5 Qxa2 24. b4 Rc8 25. Qd4 Qc4 26. Qxa7 Qxb4 27. Qd4 Qxd4 28. Nxd4 Bd7 1/2-1/2

[Event "Belgrade-ch"]
[Site "Belgrade"]
[Date "2013.01.24"]
[Round "2"]
[White "Maksimovic, Miroslav"]
[Black "Pikula, Dejan"]
[Result "1/2-1/2"]
[WhiteElo "2220"]
[BlackElo "2485"]
[PlyCount "53"]
[EventDate "2013.01.23"]
[EventType "swiss"]
[EventRounds "9"]
[EventCountry "SRB"]
[SourceTitle "CBM 152 Extra"]
[Source "ChessBase"]
[SourceDate "2013.02.25"]
[SourceVersion "1"]
[SourceVersionDate "2013.02.25"]
[SourceQuality "1"]

1. c4 e5 2. g3 Nc6 3. Bg2 Bc5 4. Nc3 a6 5. a3 d6 6. e3 Nge7 7. Nge2 Ba7 8. 0-0 Bf5 9. d4 Qd7 10. b4 Bh3 11. Bb2 Ng6 12. Nd5 Rc8 13. b5 Bxg2 14. Kxg2 Nd8 15. a4 c6 16. Ndc3 Ne6 17. dxe5 Nxe5 18. Ne4 Bb8 19. Nf4 Qe7 20. Bxe5 dxe5 21. Nxe6 Qxe6 22. bxa6 bxa6 23. Nc5 Qe7 24. Nxa6 Bd6 25. c5 Bxc5 26. Nxc5 Qxc5 27. Rc1 1/2-1/2

[Event "Belgrade-chT"]
[Site "Belgrade"]
[Date "2012.10.09"]
[Round "8.4"]
[White "Maksimovic, Miroslav"]
[Black "Svetac, Nenad"]
[Result "1/2-1/2"]
[WhiteElo "2239"]
[BlackElo "2261"]
[PlyCount "59"]
[EventDate "2012.10.01"]
[EventType "team-tourn"]
[EventRounds "11"]
[EventCountry "SRB"]
[SourceTitle "CBM 150 Extra"]
[Source "ChessBase"]
[SourceDate "2012.10.19"]
[SourceVersion "1"]
[SourceVersionDate "2012.10.19"]
[SourceQuality "1"]
[WhiteTeam "Belgrade PTT"]
[BlackTeam "Belgrade Sigurnost"]
[WhiteTeamCountry "SRB"]
[BlackTeamCountry "SRB"]

1. c4 c5 2. g3 g6 3. Bg2 Bg7 4. Nc3 Nc6 5. a3 Nf6 6. Rb1 0-0 7. b4 d6 8. bxc5 dxc5 9. Nf3 b6 10. 0-0 Bf5 11. d3 Rc8 12. Bf4 Qd7 13. Ne5 Nxe5 14. Bxe5 Bh3 15. Qa4 Bxg2 16. Kxg2 Qxa4 17. Nxa4 Nd7 18. Bxg7 Kxg7 19. Nc3 Nb8 20. a4 Nc6 21. Rb2 Rfd8 22. Ra1 Rd7 23. Ne4 e6 24. Rab1 f5 25. Nc3 g5 26. Rh1 h5 27. h4 g4 28. Rhb1 Kf6 29. Ra1 Rg8 30. Rab1 1/2-1/2

[Event "SRB-chT"]
[Site "Belgrade"]
[Date "2010.10.10"]
[Round "10"]
[White "Maksimovic, Miroslav"]
[Black "Markovic, Aleksandar"]
[Result "1-0"]
[WhiteElo "2220"]
[BlackElo "1838"]
[PlyCount "71"]
[EventDate "2010.10.01"]
[EventType "team-tourn"]
[EventRounds "11"]
[EventCountry "YUG"]
[SourceTitle "CBM 138 Extra"]
[Source "ChessBase"]
[SourceDate "2010.10.29"]
[SourceVersion "1"]
[SourceVersionDate "2010.10.29"]
[SourceQuality "1"]

1. c4 Nf6 2. g3 g6 3. Bg2 Bg7 4. Nc3 0-0 5. e4 d6 6. Nge2 e5 7. 0-0 Nc6 8. d3 Ne8 9. Rb1 f5 10. Nd5 Be6 11. Be3 Nd4 12. Bxd4 exd4 13. Ndf4 Bd7 14. exf5 Bxf5 15. Bxb7 Rb8 16. Bd5+ Kh8 17. Ne6 Bxe6 18. Bxe6 c5 19. Qd2 Nc7 20. Bh3 Qf6 21. b4 Ne6 22. Bxe6 Qxe6 23. Nf4 Qf5 24. Nd5 Qf3 25. b5 Rbe8 26. Rb2 Rf5 27. Qd1 Qxd1 28. Rxd1 Rfe5 29. Kf1 Rb8 30. a4 Kg8 31. a5 Kf7 32. b6 axb6 33. axb6 Bf6 34. Ra1 Ree8 35. Ra7+ Be7 36. Re2 1-0